[Event "Castelldefels Llobregat op 2nd"]
[Site "Castelldefels"]
[Date "2021.11.30"]
[Round "1"]
[White "Piyumantha, M Sasith Nipun"]
[Black "Muradli, Mahammad"]
[Result "0-1"]
[WhiteElo "2214"]
[BlackElo "2501"]
[PlyCount "48"]
[EventDate "2021.11.30"]
[EventType "swiss"]
[EventRounds "9"]
[EventCountry "ESP"]
[SourceTitle "CBM 205 Extra"]
[Source "ChessBase"]
[SourceDate "2022.01.31"]
[SourceVersion "1"]
[SourceVersionDate "2022.01.31"]
[SourceQuality "1"]

1. d4 d6 2. Nf3 g6 3. c4 Bg7 4. g3 c5 5. d5 b5 6. cxb5 a6 7. bxa6 Nf6 8. Bg2 0-0 9. 0-0 Nxa6 10. Nc3 Bf5 11. Nd2 Nb4 12. Nc4 Bc2 13. Qd2 Bb3 14. Na3 Bxd5 15. Nxd5 Nfxd5 16. Nc4 Nc7 17. Bxa8 Qxa8 18. a3 Nc6 19. Nb6 Qa6 20. Nd5 Nxd5 21. Qxd5 Nd4 22. Bg5 e6 23. Qe4 d5 24. Qh4 Nxe2+ 0-1

[Event "Dhaka Sheikh Russel op"]
[Site "Dhaka"]
[Date "2021.10.27"]
[Round "9"]
[White "Piyumantha, M Sasith Nipun"]
[Black "Sacchu, Afzal Hossain"]
[Result "1/2-1/2"]
[WhiteElo "2231"]
[BlackElo "2014"]
[PlyCount "43"]
[EventDate "2021.10.19"]
[EventType "swiss"]
[EventRounds "9"]
[EventCountry "BAN"]
[SourceTitle "EXT 2023"]
[Source "ChessBase"]
[SourceDate "2022.10.05"]
[SourceVersion "1"]
[SourceVersionDate "2022.10.05"]
[SourceQuality "1"]

1. d4 Nf6 2. Bg5 e6 3. e4 Be7 4. e5 Nd5 5. Bxe7 Nxe7 6. Bd3 d6 7. Nf3 Nbc6 8. exd6 cxd6 9. 0-0 Nb4 10. Bc4 Bd7 11. Nc3 Bc6 12. Bb3 0-0 13. a3 Bxf3 14. Qxf3 Nbc6 15. Rad1 d5 16. Na4 Na5 17. Ba2 Rc8 18. Bb1 b6 19. c3 Nc4 20. b3 Qd7 21. Nc5 bxc5 22. bxc4 1/2-1/2

[Event "Dhaka Sheikh Russel op"]
[Site "Dhaka"]
[Date "2021.10.25"]
[Round "7"]
[White "Piyumantha, M Sasith Nipun"]
[Black "Neelash, Saha"]
[Result "0-1"]
[WhiteElo "2231"]
[BlackElo "2421"]
[PlyCount "92"]
[EventDate "2021.10.19"]
[EventType "swiss"]
[EventRounds "9"]
[EventCountry "BAN"]
[SourceTitle "CBM 204 Extra"]
[Source "ChessBase"]
[SourceDate "2021.11.30"]
[SourceVersion "1"]
[SourceVersionDate "2021.11.30"]
[SourceQuality "1"]

1. d4 Nf6 2. c4 e6 3. g3 d5 4. Bg2 Bb4+ 5. Nd2 0-0 6. Ngf3 dxc4 7. Qc2 b6 8. 0-0 Bb7 9. Nxc4 Be4 10. Qb3 a5 11. Ncd2 Bb7 12. Rd1 Na6 13. a3 Be7 14. Nc4 Bd5 15. Nfe5 Nb8 16. Qc2 Bxg2 17. Kxg2 Qd5+ 18. f3 Rd8 19. e4 Qb7 20. b3 Na6 21. Bb2 Rac8 22. Rac1 h6 23. Qf2 c5 24. Qe3 Qc7 25. Bc3 Qb7 26. Bb2 Nc7 27. dxc5 Bxc5 28. Bd4 Rxd4 29. Rxd4 Nb5 30. Nxa5 Qc7 31. Nac6 Nxd4 32. Nxd4 Qxe5 33. b4 Rd8 34. bxc5 Qxd4 35. Qxd4 Rxd4 36. c6 Rd8 37. Rb1 Rd2+ 38. Kh3 Rc2 39. Rxb6 Kh7 40. a4 Rc5 41. g4 g5 42. Kg3 Kg7 43. Kf2 Ng8 44. Ke3 Ne7 45. Kd4 Rc1 46. Ke5 Rd1 0-1

[Event "Dhaka Sheikh Russel op"]
[Site "Dhaka"]
[Date "2021.10.24"]
[Round "6"]
[White "Mirzoev, Azer"]
[Black "Piyumantha, M Sasith Nipun"]
[Result "0-1"]
[WhiteElo "2438"]
[BlackElo "2231"]
[PlyCount "104"]
[EventDate "2021.10.19"]
[EventType "swiss"]
[EventRounds "9"]
[EventCountry "BAN"]
[SourceTitle "CBM 204 Extra"]
[Source "ChessBase"]
[SourceDate "2021.11.30"]
[SourceVersion "1"]
[SourceVersionDate "2021.11.30"]
[SourceQuality "1"]

1. d4 Nf6 2. c4 e6 3. Nf3 d5 4. Nc3 Bb4 5. Qa4+ Nc6 6. a3 Bxc3+ 7. bxc3 Bd7 8. cxd5 exd5 9. Bg5 h6 10. Bh4 Ne5 11. Qb3 Ng6 12. Bxf6 Qxf6 13. Qxb7 0-0 14. e3 Rab8 15. Qxc7 Qf5 16. Nd2 Rb2 17. Rc1 Nf4 18. Rd1 Ba4 19. Qxf4 Qxf4 20. exf4 Re8+ 21. Be2 Bb5 22. 0-0 Bxe2 23. Rfe1 Kf8 24. Nf3 Bxd1 25. Rxd1 Rc2 26. Ne5 Rxc3 27. g3 Rxa3 28. Rc1 a5 29. Rc7 Ra1+ 30. Kg2 a4 31. Rxf7+ Kg8 32. Ra7 a3 33. f5 a2 34. g4 Rd1 35. Rxa2 Rxd4 36. f4 Rxf4 37. Kg3 Re4 38. Nf3 d4 39. Rd2 Rd8 40. Nh4 d3 41. Kf3 Rc4 42. h3 Rc2 43. Ke3 Rxd2 44. Kxd2 Kf7 45. Nf3 Kf6 46. Ke3 h5 47. Kd2 Rd5 48. Ke3 Ke7 49. Kd2 Kd6 50. Ke3 hxg4 51. hxg4 Kc5 52. Kd2 Kb4 0-1

[Event "Dhaka Sheikh Hasina op"]
[Site "Dhaka"]
[Date "2021.09.20"]
[Round "2"]
[White "Koustav, Chatterjee"]
[Black "Piyumantha, M Sasith Nipun"]
[Result "1/2-1/2"]
[WhiteElo "2431"]
[BlackElo "2231"]
[PlyCount "60"]
[EventDate "2021.09.19"]
[EventType "swiss"]
[EventRounds "9"]
[EventCountry "BAN"]
[SourceTitle "CBM 204 Extra"]
[Source "ChessBase"]
[SourceDate "2021.11.30"]
[SourceVersion "1"]
[SourceVersionDate "2021.11.30"]
[SourceQuality "1"]

1. Nf3 Nf6 2. g3 d5 3. Bg2 g6 4. 0-0 Bg7 5. d4 0-0 6. c4 c6 7. b3 Ne4 8. Bb2 Nd7 9. e3 b5 10. Nfd2 Ndf6 11. Nxe4 Nxe4 12. cxd5 cxd5 13. Nd2 Bb7 14. Nxe4 dxe4 15. Qd2 Qd7 16. Qa5 Rfc8 17. Rfc1 a6 18. Bf1 Qd5 19. Qb6 e6 20. a4 Bf6 21. Rxc8+ Rxc8 22. Rc1 Rxc1 23. Bxc1 Qc6 24. Qa7 b4 25. Bd2 Be7 26. Qb8+ Qc8 27. Qa7 Qc6 28. Bc4 Bd6 29. Bc1 Bc7 30. Bd2 a5 1/2-1/2

[Event "Sheikh Kamal Online Inv"]
[Site "Tornelo INT"]
[Date "2021.08.28"]
[Round "4"]
[White "Mohammad Fahad, Rahman"]
[Black "Piyumantha, M Sasith Nipun"]
[Result "1-0"]
[WhiteElo "2339"]
[BlackElo "2231"]
[PlyCount "47"]
[EventDate "2021.08.27"]
[EventType "tourn (rapid)"]
[EventRounds "9"]
[EventCountry "BAN"]
[SourceTitle "CBM 204 Extra"]
[Source "ChessBase"]
[SourceDate "2021.11.30"]
[SourceVersion "1"]
[SourceVersionDate "2021.11.30"]
[SourceQuality "1"]

1. d4 Nf6 2. c4 e6 3. Nf3 Bb4+ 4. Bd2 Qe7 5. e3 b6 6. Bd3 Bb7 7. 0-0 Bxd2 8. Nbxd2 d6 9. Qe2 e5 10. e4 0-0 11. Rfe1 Nh5 12. g3 Nd7 13. Nb1 g6 14. Nc3 c6 15. Bc2 Rae8 16. Rad1 Bc8 17. b4 Ndf6 18. b5 cxb5 19. cxb5 Bb7 20. Bb3 Rc8 21. Qb2 Rxc3 22. Qxc3 Nxe4 23. Qd3 Ng5 24. Nxg5 1-0

[Event "Delkanda Inter Club-chT"]
[Site "Delkanda"]
[Date "2021.02.27"]
[Round "4.4"]
[White "Piyumantha, M Sasith Nipun"]
[Black "Amarasinghe, AACB"]
[Result "1-0"]
[WhiteElo "2238"]
[BlackElo "1940"]
[PlyCount "105"]
[EventDate "2021.02.26"]
[EventType "team-tourn"]
[EventRounds "9"]
[EventCountry "SRI"]
[SourceTitle "EXT 2022"]
[Source "ChessBase"]
[SourceDate "2021.10.06"]
[SourceVersion "1"]
[SourceVersionDate "2021.10.06"]
[SourceQuality "1"]
[WhiteTeam "Sokians CC"]
[BlackTeam "Jayewardenepura Univ"]
[WhiteTeamCountry "SRI"]
[BlackTeamCountry "SRI"]

1. d4 Nf6 2. c4 e6 3. g3 d5 4. Bg2 Be7 5. Nf3 0-0 6. 0-0 dxc4 7. Qc2 a6 8. a4 Bd7 9. Qxc4 Bc6 10. Bg5 Bd5 11. Qc2 Be4 12. Qc1 a5 13. Nc3 Bxf3 14. Bxf3 c6 15. Rd1 Na6 16. e4 Nb4 17. Na2 Nd7 18. Be3 Qb8 19. Nxb4 axb4 20. Bf4 e5 21. dxe5 Nxe5 22. Bg2 Ra5 23. Qc2 g5 24. Be3 c5 25. Rd5 b6 26. Rad1 Ra7 27. h3 Rd8 28. f4 Nc6 29. Kh2 Nd4 30. Bxd4 cxd4 31. e5 gxf4 32. gxf4 Bc5 33. Qf5 Rxd5 34. Bxd5 Qd8 35. Rg1+ Kf8 36. Qxh7 Qxd5 37. Rg8+ Ke7 38. Qh4+ Kd7 39. Qd8+ Kc6 40. Qc8+ Rc7 41. Qa8+ Rb7 42. Rc8+ Kd7 43. Rd8+ Ke6 44. Rxd5 Kxd5 45. Qxb7+ Kc4 46. Qxf7+ Kd3 47. e6 Kc2 48. e7 Bxe7 49. Qxe7 d3 50. Qxb4 d2 51. Qc4+ Kxb2 52. Qd3 Kc1 53. Qc3+ 1-0

[Event "World ol U16"]
[Site "Konya"]
[Date "2018.12.01"]
[Round "8.18"]
[White "Mladek, Richard"]
[Black "Piyumantha, M Sasith Nipun"]
[Result "0-1"]
[WhiteElo "2312"]
[BlackElo "2167"]
[PlyCount "74"]
[EventDate "2018.11.25"]
[EventType "team-swiss"]
[EventRounds "9"]
[EventCountry "TUR"]
[SourceTitle "CBM 187 Extra"]
[Source "ChessBase"]
[SourceDate "2018.11.04"]
[SourceVersion "1"]
[SourceVersionDate "2018.11.04"]
[SourceQuality "1"]
[WhiteTeam "Czech Republic"]
[BlackTeam "Sri Lanka"]
[WhiteTeamCountry "CZE"]
[BlackTeamCountry "SRI"]

1. e4 c6 2. d4 d5 3. f3 e6 4. Nc3 Bb4 5. Bf4 Ne7 6. Nge2 Ng6 7. Be3 b6 8. Qd2 Ba6 9. 0-0-0 Nd7 10. g3 Qe7 11. h4 dxe4 12. fxe4 Nf6 13. Bg5 h6 14. Bxf6 Qxf6 15. a3 Qf3 16. axb4 Qxh1 17. b5 Bxb5 18. Nxb5 cxb5 19. Nc3 Qf3 20. Bxb5+ Kf8 21. d5 Qxg3 22. h5 Ne5 23. Kb1 Kg8 24. dxe6 fxe6 25. Qd6 Kh7 26. Qxe6 Rhd8 27. Nd5 Qg4 28. Qxe5 Qxd1+ 29. Ka2 Qg4 30. Qc7 Qe6 31. Bd3 Kh8 32. c4 Qd6 33. Qxd6 Rxd6 34. e5 Re6 35. Nf4 Rae8 36. c5 bxc5 37. Kb3 Rb6+ 0-1

[Event "World ol U16"]
[Site "Konya"]
[Date "2018.11.27"]
[Round "4.7"]
[White "Galperin, Platon"]
[Black "Piyumantha, M Sasith Nipun"]
[Result "1/2-1/2"]
[WhiteElo "2334"]
[BlackElo "2167"]
[PlyCount "50"]
[EventDate "2018.11.25"]
[EventType "team-swiss"]
[EventRounds "9"]
[EventCountry "TUR"]
[SourceTitle "CBM 187 Extra"]
[Source "ChessBase"]
[SourceDate "2018.11.04"]
[SourceVersion "1"]
[SourceVersionDate "2018.11.04"]
[SourceQuality "1"]
[WhiteTeam "Ukraine"]
[BlackTeam "Sri Lanka"]
[WhiteTeamCountry "UKR"]
[BlackTeamCountry "SRI"]

1. Nf3 c5 2. c4 Nf6 3. Nc3 g6 4. d4 cxd4 5. Nxd4 Bg7 6. e4 d6 7. Be2 0-0 8. Be3 Nc6 9. h3 Bd7 10. 0-0 Nxd4 11. Bxd4 Bc6 12. Qc2 Nd7 13. Bxg7 Kxg7 14. b4 b6 15. Rad1 Qc7 16. f4 Rac8 17. Bd3 b5 18. Qb2 Kg8 19. cxb5 Ba8 20. Rc1 Qb6+ 21. Qf2 Qxf2+ 22. Kxf2 Nb6 23. a4 Nc4 24. a5 Nd2 25. Rfe1 Nb3 1/2-1/2

[Event "World ol U16"]
[Site "Konya"]
[Date "2018.11.26"]
[Round "2.9"]
[White "Piyumantha, M Sasith Nipun"]
[Black "Parkhov, Yair"]
[Result "1/2-1/2"]
[WhiteElo "2167"]
[BlackElo "2330"]
[PlyCount "215"]
[EventDate "2018.11.25"]
[EventType "team-swiss"]
[EventRounds "9"]
[EventCountry "TUR"]
[SourceTitle "CBM 187 Extra"]
[Source "ChessBase"]
[SourceDate "2018.11.04"]
[SourceVersion "1"]
[SourceVersionDate "2018.11.04"]
[SourceQuality "1"]
[WhiteTeam "Sri Lanka"]
[BlackTeam "Israel"]
[WhiteTeamCountry "SRI"]
[BlackTeamCountry "ISR"]

1. d4 Nf6 2. c4 e6 3. Nf3 d5 4. g3 Bb4+ 5. Bd2 Be7 6. Qc2 0-0 7. Bg2 c6 8. 0-0 Nbd7 9. Rd1 b6 10. Bf4 Ba6 11. b3 Rc8 12. Nbd2 Nh5 13. Ne5 Nxf4 14. gxf4 Nxe5 15. dxe5 f5 16. e3 Bb7 17. Nf3 Qe8 18. cxd5 cxd5 19. Qe2 Qd7 20. Rac1 Ba3 21. Rxc8 Rxc8 22. Nd4 Bc5 23. Bf1 Bxd4 24. Rxd4 Rc3 25. Rd3 Rc1 26. Rd1 Rc3 27. Rd3 Rc8 28. Rd4 g6 29. h3 Rc1 30. Rd1 Rc3 31. Rd4 Qc6 32. Qb5 Rc1 33. Kg2 Kf7 34. Qxc6 Bxc6 35. a4 Ke7 36. Bb5 Bb7 37. Be2 Rc3 38. b4 Bc6 39. b5 Bd7 40. Kf1 Ra3 41. Rb4 Ra1+ 42. Kg2 Bc8 43. Kg3 Bb7 44. Rd4 Kd7 45. Kh2 Ra2 46. Bd3 Rxf2+ 47. Kg3 Rd2 48. Bf1 Ra2 49. Bd3 Ke7 50. h4 Ra3 51. Kf2 Ra2+ 52. Be2 a5 53. Kf3 Bc8 54. Bd1 Bd7 55. Rd3 Be8 56. Kg3 Ra1 57. Rd2 Rc1 58. Bc2 Bd7 59. Bd1 Ke8 60. Rd3 Kd8 61. Rd4 Bc8 62. Rd2 Bb7 63. Rd4 h6 64. Rd2 Bc8 65. Kf3 Bd7 66. Kg3 Be8 67. Bc2 Rg1+ 68. Rg2 Re1 69. Kf2 Ra1 70. Kg3 Ra3 71. Kf3 Rc3 72. Rd2 Ke7 73. Bd1 Rc4 74. Kg3 Rc1 75. Rd3 Ra1 76. Rd2 Rb1 77. Rd3 Rb2 78. Rd4 Bd7 79. Rd3 Kd8 80. Rd4 Bc8 81. Rd3 Bb7 82. Rd4 Ra2 83. Kf3 Ra1 84. Kg3 Ra3 85. Kf3 Rc3 86. Be2 Bc8 87. Rd3 Rc4 88. Rd4 Rb4 89. Bd1 Bd7 90. Kg3 Be8 91. Rd2 Rc4 92. Rd4 Rc3 93. Kf3 Rc1 94. Kg3 Rc4 95. Be2 Rc7 96. Rd1 Rc2 97. Re1 Rd2 98. Kf2 g5 99. hxg5 hxg5 100. fxg5 Bh5 101. Kf1 Bxe2+ 102. Rxe2 Rxe2 103. Kxe2 Ke7 104. Kf3 Kf7 105. Kg3 Kg7 106. Kh3 Kh7 107. Kg3 Kg7 108. Kh3 1/2-1/2

[Event "World ol U16"]
[Site "Konya"]
[Date "2018.11.25"]
[Round "1.5"]
[White "Gholami Orimi, Mahdi"]
[Black "Piyumantha, M Sasith Nipun"]
[Result "0-1"]
[WhiteElo "2326"]
[BlackElo "2167"]
[PlyCount "100"]
[EventDate "2018.11.25"]
[EventType "team-swiss"]
[EventRounds "9"]
[EventCountry "TUR"]
[SourceTitle "CBM 187 Extra"]
[Source "ChessBase"]
[SourceDate "2018.11.04"]
[SourceVersion "1"]
[SourceVersionDate "2018.11.04"]
[SourceQuality "1"]
[WhiteTeam "Iran"]
[BlackTeam "Sri Lanka"]
[WhiteTeamCountry "IRI"]
[BlackTeamCountry "SRI"]

1. d4 Nf6 2. c4 e6 3. Nc3 Bb4 4. Qc2 Nc6 5. Nf3 d6 6. Bd2 0-0 7. a3 Bxc3 8. Bxc3 Qe7 9. e3 a5 10. Bd3 e5 11. d5 Nb8 12. Nd2 a4 13. 0-0 Nbd7 14. f4 Re8 15. Rae1 e4 16. Be2 Nc5 17. h3 b5 18. Bxf6 Qxf6 19. cxb5 Bd7 20. Nb1 Nd3 21. Bxd3 exd3 22. Qc3 Qg6 23. Kh2 Bxb5 24. Nd2 f5 25. Rf3 Re7 26. Rg3 Qf7 27. e4 Rae8 28. Qd4 fxe4 29. Rxe4 Kh8 30. Rxe7 Rxe7 31. Nf3 Qf6 32. Qb4 Bd7 33. Nd2 Qf5 34. Qc4 h5 35. Nf3 Be8 36. Qd4 Qe4 37. h4 Bg6 38. Qc3 Qxf4 39. Qb4 Qxb4 40. axb4 Be4 41. Nd2 Bf5 42. Rf3 g6 43. Kg3 Re5 44. Rf4 Rxd5 45. Kf3 Re5 46. Rd4 Re2 47. Nc4 Rxb2 48. Nxb2 a3 49. b5 axb2 50. Rb4 d2 0-1

[Event "Olympiad-43"]
[Site "Batumi"]
[Date "2018.10.05"]
[Round "11.1"]
[White "Piyumantha, M Sasith Nipun"]
[Black "Al Qudaimi, Basheer"]
[Result "0-1"]
[WhiteElo "2139"]
[BlackElo "2419"]
[PlyCount "58"]
[EventDate "2018.09.24"]
[EventType "team-swiss"]
[EventRounds "11"]
[EventCountry "GEO"]
[SourceTitle "CBM 187"]
[Source "ChessBase"]
[SourceDate "2018.12.11"]
[SourceVersion "1"]
[SourceVersionDate "2018.12.11"]
[SourceQuality "1"]
[WhiteTeam "Sri Lanka"]
[BlackTeam "Yemen"]
[WhiteTeamCountry "SRI"]
[BlackTeamCountry "YEM"]

1. d4 Nf6 2. c4 e6 3. Nf3 c5 4. d5 b5 5. e4 Nxe4 6. Bd3 Nd6 7. dxe6 dxe6 8. cxb5 Be7 9. 0-0 a6 10. Qc2 Nxb5 11. Bxh7 Nc6 12. Be4 Ncd4 13. Qd3 Ra7 14. Nxd4 Nxd4 15. g3 a5 16. Na3 Ba6 17. Nc4 f5 18. Bg2 e5 19. b3 e4 20. Qd1 Rd7 21. Bd2 Nc6 22. Bxe4 fxe4 23. Qg4 Bxc4 24. bxc4 Rxd2 25. Qg6+ Kd7 26. Qxe4 Kc7 27. Rab1 Qd4 28. Qe6 Rh6 29. Qg8 Rf6 0-1

[Event "Wch U20 57th"]
[Site "Manavgat"]
[Date "2018.09.08"]
[Round "5"]
[White "Piyumantha, M Sasith Nipun"]
[Black "Bashirli, Nail Qoshqar"]
[Result "0-1"]
[WhiteElo "2139"]
[BlackElo "2354"]
[PlyCount "78"]
[EventDate "2018.09.05"]
[EventType "swiss"]
[EventRounds "11"]
[EventCountry "TUR"]
[SourceTitle "CBM 186 Extra"]
[Source "ChessBase"]
[SourceDate "2018.08.24"]
[SourceVersion "1"]
[SourceVersionDate "2018.08.24"]
[SourceQuality "1"]

1. d4 Nf6 2. c4 e6 3. Nf3 d5 4. cxd5 exd5 5. Bg5 Nbd7 6. Nc3 Be7 7. e3 c6 8. Bd3 0-0 9. Qc2 Re8 10. 0-0 Nf8 11. h3 g6 12. Rab1 Ne6 13. Bxf6 Bxf6 14. b4 a5 15. a3 axb4 16. axb4 b5 17. Ra1 Bd7 18. Rxa8 Qxa8 19. Qb2 Ng5 20. Nxg5 Bxg5 21. Ra1 Qb8 22. Ne2 Be7 23. Qc3 Qb7 24. Qa3 Qc7 25. Qc3 Qd6 26. Ra7 Rd8 27. Qc5 Kf8 28. Ra1 Qf6 29. Qc3 Bd6 30. Bc2 Qe7 31. Rb1 Qg5 32. Kf1 Re8 33. Nc1 Re6 34. Nd3 Rf6 35. Ne5 Bf5 36. Nf3 Qh5 37. Bxf5 Qxf5 38. Ra1 Kg7 39. Qxc6 Qd3+ 0-1

[Event "Wch U20 57th"]
[Site "Manavgat"]
[Date "2018.09.07"]
[Round "4"]
[White "Baenziger, Fabian"]
[Black "Piyumantha, M Sasith Nipun"]
[Result "1-0"]
[WhiteElo "2360"]
[BlackElo "2139"]
[PlyCount "55"]
[EventDate "2018.09.05"]
[EventType "swiss"]
[EventRounds "11"]
[EventCountry "TUR"]
[SourceTitle "CBM 186 Extra"]
[Source "ChessBase"]
[SourceDate "2018.08.24"]
[SourceVersion "1"]
[SourceVersionDate "2018.08.24"]
[SourceQuality "1"]

1. d4 Nf6 2. c4 e6 3. g3 c5 4. Nf3 cxd4 5. Nxd4 d5 6. Bg2 e5 7. Nf3 d4 8. 0-0 Nc6 9. e3 Be7 10. exd4 exd4 11. Bf4 Be6 12. Nbd2 0-0 13. Re1 Qb6 14. a3 Qxb2 15. Rb1 Qxa3 16. Rxb7 Bb4 17. Ng5 Bg4 18. Qb1 Bxd2 19. Bxd2 Qa4 20. Ne4 Rac8 21. Nxf6+ gxf6 22. Qe4 Ne5 23. Qf4 Rfe8 24. Bd5 Be6 25. Rxe5 fxe5 26. Qg5+ Kh8 27. Qf6+ Kg8 28. Bxe6 1-0

[Event "Wch U20 57th"]
[Site "Manavgat"]
[Date "2018.09.05"]
[Round "1"]
[White "Piyumantha, M Sasith Nipun"]
[Black "Zarubitski, Viachaslau"]
[Result "1-0"]
[WhiteElo "2139"]
[BlackElo "2425"]
[PlyCount "125"]
[EventDate "2018.09.05"]
[EventType "swiss"]
[EventRounds "11"]
[EventCountry "TUR"]
[SourceTitle "CBM 186 Extra"]
[Source "ChessBase"]
[SourceDate "2018.08.24"]
[SourceVersion "1"]
[SourceVersionDate "2018.08.24"]
[SourceQuality "1"]

1. d4 Nf6 2. c4 Nc6 3. Nf3 e6 4. Nc3 Bb4 5. Qc2 0-0 6. a3 Bxc3+ 7. Qxc3 a5 8. b3 d6 9. Bb2 Re8 10. Rd1 Qe7 11. d5 Nb8 12. dxe6 fxe6 13. g3 Nbd7 14. Bg2 Nc5 15. 0-0 e5 16. Qc2 Bd7 17. Ng5 Ra6 18. Bd5+ Ne6 19. f4 Kh8 20. Nxe6 Bxe6 21. Bxb7 Rb6 22. Bg2 Bf7 23. Bc3 exf4 24. Rxf4 Qe3+ 25. Kh1 Bg6 26. Qb2 Qxe2 27. Rd2 Qe7 28. Rxf6 Qxf6 29. Bxf6 Re1+ 30. Bf1 Rxf1+ 31. Kg2 Rxf6 32. Rf2 Rxf2+ 33. Kxf2 a4 34. b4 Rc6 35. Qd4 Bf7 36. c5 dxc5 37. bxc5 h6 38. Ke3 Bb3 39. Kd2 Kg8 40. Kc3 Kh7 41. Qe4+ Rg6 42. h4 h5 43. g4 Kh6 44. Qf4+ Kh7 45. gxh5 Rh6 46. Qxc7 Bd5 47. Qe5 Bc6 48. Kb4 Rf6 49. Ka5 Bd7 50. Qd4 Bc6 51. Kb6 Be8+ 52. Kc7 Bb5 53. Qe5 Kh8 54. Qb2 Be8 55. Qb8 Re6 56. h6 gxh6 57. Qb6 Bf7 58. c6 Be8 59. Qd4+ Kg8 60. Qxa4 Kf7 61. Qc4 Ke7 62. a4 Re5 63. a5 1-0

[Event "SRI-ch"]
[Site "Colombo"]
[Date "2018.05.12"]
[Round "10"]
[White "Jayawardana, Lasal"]
[Black "Piyumantha, M Sasith Nipun"]
[Result "0-1"]
[WhiteElo "1909"]
[BlackElo "2219"]
[PlyCount "96"]
[EventDate "2018.05.04"]
[EventType "tourn"]
[EventRounds "13"]
[EventCountry "SRI"]
[SourceTitle "CBM 184 Extra"]
[Source "ChessBase"]
[SourceDate "2018.06.28"]
[SourceVersion "1"]
[SourceVersionDate "2018.06.28"]
[SourceQuality "1"]

1. e4 c6 2. d4 d5 3. e5 Bf5 4. Nf3 e6 5. Be2 c5 6. 0-0 Nc6 7. c3 cxd4 8. Nxd4 Nxd4 9. cxd4 Ne7 10. Nc3 Nc6 11. a3 Be7 12. b4 0-0 13. Be3 f6 14. f4 fxe5 15. fxe5 Qe8 16. Rc1 Qd8 17. Na4 Rc8 18. Nc5 b6 19. Nd3 Bg5 20. Nf4 Ne7 21. Qd2 Bxf4 22. Bxf4 Qd7 23. Bg5 Ng6 24. Rxc8 Rxc8 25. Rc1 h6 26. Be3 Rxc1+ 27. Qxc1 Be4 28. b5 Nh4 29. g3 Nf3+ 30. Bxf3 Bxf3 31. a4 Qf7 32. h3 Be4 33. Qf1 Qe7 34. g4 Qa3 35. Qc1 Qxa4 36. g5 hxg5 37. Qf1 Qb3 38. Kf2 Bd3 39. Qc1 Bc4 40. Kg3 Qxb5 41. Bxg5 Qb3+ 42. Be3 a5 43. Kh4 Qd3 44. Qg1 Qe4+ 45. Qg4 b5 46. Qxe4 dxe4 47. Bd2 b4 48. Kg3 b3 0-1

[Event "SRI-ch"]
[Site "Colombo"]
[Date "2018.05.05"]
[Round "2"]
[White "Piyumantha, M Sasith Nipun"]
[Black "Jayaweera, CL."]
[Result "0-1"]
[WhiteElo "2219"]
[BlackElo "1787"]
[PlyCount "118"]
[EventDate "2018.05.04"]
[EventType "tourn"]
[EventRounds "13"]
[EventCountry "SRI"]
[SourceTitle "CBM 184 Extra"]
[Source "ChessBase"]
[SourceDate "2018.06.28"]
[SourceVersion "1"]
[SourceVersionDate "2018.06.28"]
[SourceQuality "1"]

1. d4 Nf6 2. Bg5 e6 3. e4 Be7 4. Bd3 c5 5. dxc5 Qa5+ 6. Qd2 Qxc5 7. Nf3 Qb6 8. c3 Nc6 9. 0-0 h6 10. Bh4 g5 11. Bg3 Nh5 12. Na3 Nxg3 13. hxg3 g4 14. Nc4 Qc7 15. Nd4 a6 16. Nxc6 bxc6 17. Be2 d5 18. Qd4 Rg8 19. exd5 cxd5 20. Nb6 Rb8 21. Qa4+ Kf8 22. Nxc8 Qxc8 23. Bxa6 Ra8 24. Bxc8 Rxa4 25. Bd7 Ra7 26. Bb5 Bf6 27. Rfd1 Kg7 28. a4 Rb8 29. Rac1 Rc8 30. Rb1 h5 31. Rd2 Rc5 32. Rbd1 Rc8 33. Rd3 Rc5 34. Kf1 Rc8 35. Ke2 Rc5 36. Kd2 Rac7 37. Ke2 Ra7 38. f4 Rc8 39. Kd2 Rac7 40. Rc1 d4 41. c4 e5 42. fxe5 Bg5+ 43. Kc2 Rxc4+ 44. Bxc4 Rxc4+ 45. Kb3 Rxc1 46. Rxd4 Re1 47. Rd5 Re3+ 48. Kc4 Rxg3 49. e6 f6 50. a5 Rxg2 51. Rd7+ Kf8 52. a6 Be3 53. Rd3 Bg1 54. b4 h4 55. Rd7 h3 56. Rh7 h2 57. e7+ Ke8 58. Kd5 Kd7 59. b5 Rb2 0-1

[Event "SRI-ch"]
[Site "Colombo"]
[Date "2018.05.04"]
[Round "1"]
[White "Kavinda, Akila"]
[Black "Piyumantha, M Sasith Nipun"]
[Result "1/2-1/2"]
[WhiteElo "2050"]
[BlackElo "2219"]
[PlyCount "73"]
[EventDate "2018.05.04"]
[EventType "tourn"]
[EventRounds "13"]
[EventCountry "SRI"]
[SourceTitle "CBM 184 Extra"]
[Source "ChessBase"]
[SourceDate "2018.06.28"]
[SourceVersion "1"]
[SourceVersionDate "2018.06.28"]
[SourceQuality "1"]

1. d4 Nf6 2. Nf3 e6 3. c4 c5 4. e3 cxd4 5. exd4 d5 6. Nc3 Nc6 7. a3 Be7 8. Bd3 0-0 9. 0-0 b6 10. Re1 Bb7 11. cxd5 Nxd5 12. Ne4 h6 13. Bd2 Bf6 14. Nxf6+ Qxf6 15. Ne5 Nf4 16. Be4 Rac8 17. Ng4 Qg5 18. g3 f5 19. Bxf4 Qxg4 20. Bf3 Qg6 21. d5 Nd8 22. dxe6 Bxf3 23. Qxf3 Nxe6 24. Qd5 Rfe8 25. Rad1 Kh7 26. Qf3 Rcd8 27. Rxd8 Rxd8 28. Be3 Qf6 29. Qe2 Re8 30. Qd3 Ng5 31. Qd1 f4 32. gxf4 Nh3+ 33. Kg2 Nxf4+ 34. Bxf4 Rxe1 35. Qxe1 Qxf4 36. Qe2 Qf5 37. f3 1/2-1/2

[Event "SRI-chB"]
[Site "Colombo"]
[Date "2018.03.04"]
[Round "6"]
[White "Piyumantha, M Sasith Nipun"]
[Black "Thilakarathne, GM Harshana"]
[Result "0-1"]
[WhiteElo "2159"]
[BlackElo "2209"]
[PlyCount "56"]
[EventDate "2018.03.01"]
[EventType "swiss"]
[EventRounds "10"]
[EventCountry "SRI"]
[SourceTitle "EXT 2019"]
[Source "ChessBase"]
[SourceDate "2018.10.10"]
[SourceVersion "1"]
[SourceVersionDate "2018.10.10"]
[SourceQuality "1"]

1. d4 Nf6 2. c4 e6 3. Nf3 c5 4. d5 b5 5. Bg5 b4 6. a3 h6 7. Bxf6 Qxf6 8. Qd2 g5 9. h3 Bg7 10. axb4 cxb4 11. Qxb4 Na6 12. Qd2 Qxb2 13. Qxb2 Bxb2 14. Ra5 Bf6 15. e4 Rb8 16. Rb5 Rxb5 17. cxb5 Nc5 18. e5 Bg7 19. dxe6 dxe6 20. Nbd2 Bb7 21. Bc4 Nd7 22. 0-0 Nxe5 23. Nxe5 Bxe5 24. Rc1 Bd4 25. Nb3 Bb6 26. Ra1 Kd7 27. Na5 Ba8 28. Be2 Rc8 0-1

[Event "SRI-chB"]
[Site "Colombo"]
[Date "2018.03.03"]
[Round "4"]
[White "Piyumantha, M Sasith Nipun"]
[Black "Wijekoon, Chandana"]
[Result "1-0"]
[WhiteElo "2159"]
[BlackElo "1952"]
[PlyCount "69"]
[EventDate "2018.03.01"]
[EventType "swiss"]
[EventRounds "10"]
[EventCountry "SRI"]
[SourceTitle "EXT 2019"]
[Source "ChessBase"]
[SourceDate "2018.10.10"]
[SourceVersion "1"]
[SourceVersionDate "2018.10.10"]
[SourceQuality "1"]

1. d4 d5 2. c4 dxc4 3. e3 e5 4. Bxc4 exd4 5. exd4 Bd6 6. Nf3 Nf6 7. 0-0 0-0 8. h3 h6 9. Nc3 c6 10. Ne5 Nbd7 11. Bf4 Nb6 12. Bb3 Nbd5 13. Nxd5 cxd5 14. Qd3 Be6 15. Rfe1 Rc8 16. Re3 Re8 17. Rae1 Re7 18. Bc2 Rec7 19. R1e2 Ne4 20. f3 Nf6 21. g4 g5 22. Bg3 Kg7 23. h4 Qe7 24. hxg5 hxg5 25. Rh2 Rh8 26. Rxh8 Kxh8 27. Nxf7+ Qxf7 28. Bxd6 Rc6 29. Be5 Kg8 30. Re2 Nd7 31. Qe3 Qe7 32. Ba4 Nf8 33. Bxc6 bxc6 34. Rh2 Ng6 35. Rh5 1-0